LEADER 01111nam a2200265 a 4500 001 000000158700 003 CaOOAMICUS 005 20170209090507.0 008 170209s1942 it m 001 u ger r 032 $aLibriCat 040 $aPUL$bita 100 1 $aBruin, Paul.$0(OLS)http://pul/name/101378 245 10$aBeruf und Sprache der biblischem Schriftsteller /$cvon Paul Bruin. 260 $aRom :$b[s.n.],$c1942. 300 $a109 p. ;$c24 cm. 502 $aTesi -- Pontificia Universitas Gregoriana. Facultas theologica. 1942. 504 $aBibliografia in nota. 630 04$aBiblia$xLingua e stile.$0(OLS)http://pul/subject/2992 710 2 $aPontificia Università Gregoriana.$bFacoltà di teologia.$kTesi.$0(OLS)http://pul/name/81592 850 $aPUL 852 $aPUL$W1$xDP1 Tesi Pon. Univ. Gregoriana$y40$mTH PUG 681$j182011$qTesi$B185194$CPULBib$Z2$F185194 $H11827 $82 941 1 $a16 996 $6245$aBeruf und Sprache der biblischem Schriftsteller$9(OLS)http://pul/title/198313 996 $6260$aRom :$b[s.n.]$9(OLS)http://pul/publisher/74803 LEADER 01919nam a2200349 u 4500 001 000000016780 003 CaOOAMICUS 005 20070226110030.0 008 940517s1993 it u000 u ita u 020 $a8834305663 035 $a10392073 040 $aIPA$bita$dBAV$dPUL(R) 100 1 $aPeroli, Enrico.$0(OLS)http://pul/name/7710 245 13$aIl platonismo e l'antropologia filosofica di Gregorio di Nissa :$bcon particolare riferimento agli influssi di Platone, Plotino e Porfirio /$cEnrico Peroli ; introduzione di Claudio Moreschini. 260 $aMilano :$bVita e pensiero,$cc1993. 300 $a351 p. ;$c22 cm 490 1 $aPubblicazioni del Centro di ricerche di metafisica.$aCollana Platonismo e filosofia patristica.$aStudi e testi ;$v5 500 $aComprende indici. 504 $aBibliografia: p. 291-312. 600 04$aGregorius Nyssenus,$cs., vesc.,$dc. 335-394?.$0(OLS)http://pul/subject/7823 650 4$aPlatonici.$0(OLS)http://pul/subject/1934 650 4$aUomo (filosofia).$0(OLS)http://pul/subject/436 700 1 $aMoreschini, Claudio,$d1938-$0(OLS)http://pul/name/1915 710 2 $aUniversità cattolica del Sacro Cuore. Sede di Milano.$bCentro di ricerche di metafisica.$0(OLS)http://pul/name/668 830 0$aPubblicazioni del Centro di ricerche di metafisica.$pCollana Platonismo e filosofia patristica.$pStudi e testi ;$v5.$0(OLS)http://pul/title/19551 850 $aPUL 852 $aPUL$W1$xSL Filosofia 2$y80$mPhil A11 5$j23612$nBK-PRI$b $qStampati altre collocazioni$B23612$CPULBib$Z2$F23612 $81 941 1 $a10 961 $aINV: 74992 996 $6020$a8834305663$9(OLS)http://pul/number/21611 996 $6245$aIl platonismo e l'antropologia filosofica di Gregorio di Nissa :$bcon particolare riferimento agli influssi di Platone, Plotino e Porfirio$9(OLS)http://pul/title/23977 996 $6260$aMilano :$bVita e pensiero$9(OLS)http://pul/publisher/48016